000 00552nas a22001817a 4500
001 K121241
007 ta
008 200326b2020 ||||| |||| 00| 0 eng d
041 _aeng
100 _aHatwell, Lewis
245 _aThe Future for SMEs
260 _c2020
490 _aRICS Modus
_vFeruary 2020, 9(1)
520 _aOpinion piece looking at how small and medium sized enterprises (SMEs) can be smart with their time and resources to achieve their goals.
650 _aSME
651 _aUnited Kingdom
690 _96226
_aBusiness and management
999 _c121241
_d121241